Handbook of Flood Management : flood risk simulation,warning,assessment and mitigation [vol-2] / (Record no. 898)
[ view plain ]
| 000 -LEADER | |
|---|---|
| fixed length control field | 00363 a2200109 4500 |
| 022 ## - INTERNATIONAL STANDARD SERIAL NUMBER | |
| International Standard Serial Number | 9788189741976 |
| 082 ## - DEWEY DECIMAL CLASSIFICATION NUMBER | |
| Classification number | 627.4 KUM |
| 100 ## - MAIN ENTRY--PERSONAL NAME | |
| Personal name | Kumar,Arun |
| 245 ## - TITLE STATEMENT | |
| Title | Handbook of Flood Management : flood risk simulation,warning,assessment and mitigation [vol-2] / |
| Statement of responsibility, etc. | Arun Kumar |
| 260 ## - PUBLICATION, DISTRIBUTION, ETC. | |
| Place of publication, distribution, etc. | New Delhi : |
| Date of publication, distribution, etc. | SBS Publisher, |
| Name of publisher, distributor, etc. | 2009. |
| 300 ## - PHYSICAL DESCRIPTION | |
| Extent | xvi, 360. : |
| Other physical details | ill. ; |
| Dimensions | 25 cm. |
| 650 ## - SUBJECT ADDED ENTRY--TOPICAL TERM | |
| Topical term or geographic name entry element | flood management |
| Withdrawn status | Lost status | Damaged status | Not for loan | Permanent Location | Current Location | Shelving location | Date acquired | Total Checkouts | Total Renewals | Full call number | Barcode | Date last seen | Date last checked out | Price effective from | Koha item type |
|---|---|---|---|---|---|---|---|---|---|---|---|---|---|---|---|
| School of Civil and Environmental Engineering (SCEE) | School of Civil and Environmental Engineering (SCEE) | 2 | 3 | 627.4 KUM | NIT-6750 | 03/13/2023 | 11/10/2022 | 01/05/2017 | Book |
